| 000 | 00981nam0a22002651 4500 | ||
|---|---|---|---|
| 001 | rc\1011089 | ||
| 005 | 20041129102222.4 | ||
| 035 | _a(NLR Aleph) 006176633 | ||
| 090 |
_a6021496 _c6021496 |
||
| 100 | _a20041129d1981 u |0rusy50 ca | ||
| 101 | 0 | _arus | |
| 102 | _aRU | ||
| 105 | _aa ||||||||| | ||
| 200 | 1 |
_aУнифицированное оборудование комплексов шихтовки для плавильных агрегатов литейных цехов _fК.С. Богдан, В.И. Лозенко, П.Н. Каричковский |
|
| 210 |
_aКиев _cИПЛ _d1981 |
||
| 215 |
_a13 с. _cил. _d20 |
||
| 225 | 1 |
_aПрепринт _fАН УССР, Ин-т пробл. литья |
|
| 700 | 1 |
_aБогдан _bК. С. _gКим Степанович |
|
| 701 | 1 |
_aЛозенко _bВ. И. |
|
| 701 | 1 |
_aКаричковский _bП. Н. |
|
| 801 | 0 |
_aRU _bNLR _gpsbo |
|
| 801 | 1 |
_aRU _bELAR _2rusmarc |
|
| 852 |
_aNLR _j83-4/9145 |
||
| 942 | _cBOOK | ||
| 980 | _aNB | ||